Central Library OPAC University of Rajshahi

Fiber optics communications / (Record no. 38780)

MARC details
000 -LEADER
fixed length control field 00837cam a22002534a 4500
001 - CONTROL NUMBER
control field 38780
003 - CONTROL NUMBER IDENTIFIER
rucl marc code (BD-RjUL)
005 - DATE AND TIME OF LATEST TRANSACTION
control field 20211209052847.0
008 - FIXED-LENGTH DATA ELEMENTS--GENERAL INFORMATION
fixed length control field 030602s2004 njua b 001 0 eng
020 ## - INTERNATIONAL STANDARD BOOK NUMBER
International Standard Book Number 9788131715888
035 ## - SYSTEM CONTROL NUMBER
System control number (BD-RjUL)
040 ## - CATALOGING SOURCE
Original cataloging agency DLC
Transcribing agency (BD-RjUL)
Modifying agency DLC
082 00 - DEWEY DECIMAL CLASSIFICATION NUMBER
Classification number 621.38275
Edition number 21
Author mark and year KOF 2009
100 1# - MAIN ENTRY--PERSONAL NAME
Personal name Kolimbiris, Harold.
9 (RLIN) 117363
245 10 - TITLE STATEMENT
Title Fiber optics communications /
Statement of responsibility, etc. Harold Kolimbiris.
260 ## - PUBLICATION, DISTRIBUTION, ETC. (IMPRINT)
Place of publication, distribution, etc. Upper Saddle River, N.J. :
Name of publisher, distributor, etc. Pearson/Prentice Hall,
Date of publication, distribution, etc. c2004 [2009 reprint].
300 ## - PHYSICAL DESCRIPTION
Pagination xiv, 649 p. :
Illustrations ill. ;
Size 29 cm. +
Accompanying material 1 CD-ROM (4 3/4 in.)
504 ## - BIBLIOGRAPHY, ETC. NOTE
Bibliography, etc Includes bibliographical references (p. 637-641) and index.
650 #0 - SUBJECT ADDED ENTRY--TOPICAL TERM
Topical term or geographic name as entry element Fiber optics.
9 (RLIN) 117146
Topical term or geographic name as entry element Optical communications.
9 (RLIN) 117177
Topical term or geographic name as entry element Optical detectors.
9 (RLIN) 119630
942 ## - ADDED ENTRY ELEMENTS (KOHA)
Source of classification or shelving scheme Dewey Decimal Classification
Koha item type Books
Holdings
Lost status Source of classification or shelving scheme Damaged status Not for loan Permanent Location Current Location Shelving location Date acquired Total Checkouts Full call number Date last seen Copy number Koha item type
  Dewey Decimal Classification   Not For Loan Department of Information and Communication Engineering (ICE) Library Department of Information and Communication Engineering (ICE) Library Seminar Library 25/02/2016   621.38275 KOF 2009 25/02/2016 C-1 Books